Marketing: Real People, Real Choices, Global Edition/
<p><strong>Marketing: Real People, Real Choices</strong> introduces marketing from the perspective of real people, who make real marketing decisions, at leading companies every day. Described by students as a “great read,” it shows how marketing plays out in contemporary organizations. You’ll benefi...
Saved in:
| Main Authors: | , , |
|---|---|
| Format: | Electronic Book |
| Published: |
Harlow :
Pearson International Content,
2025.
|
| Edition: | Twelfth edition |
| Online Access: | https://resolver.vitalsource.com/9781292482521 |
| Tags: |
No Tags, Be the first to tag this record!
|
MARC
| LEADER | 00000nam#a2200000 4500 | ||
|---|---|---|---|
| 001 | 9781292482521 | ||
| 003 | VST | ||
| 005 | 20260317120216.0 | ||
| 006 | m o d | ||
| 007 | cr#un#---uucau | ||
| 008 | 250422s2025 xxk o 00 0 eng d | ||
| 020 | |a 9781292482521 |q (ebook) | ||
| 040 | |a VST |b eng |c VST |d VST | ||
| 072 | |a KJS |2 bicssc | ||
| 100 | 1 | |a Solomon, Michael R. |e author | |
| 245 | 1 | 0 | |a Marketing: Real People, Real Choices, Global Edition/ |c Michael R. Solomon, Greg W. Marshall, Elnora W. Stuart. |
| 250 | |a Twelfth edition | ||
| 264 | 1 | |a Harlow : |b Pearson International Content, |c 2025. | |
| 300 | |a 1 online resource | ||
| 336 | |a text |b txt |2 rdacontent | ||
| 337 | |a computer |b c |2 rdamedia | ||
| 338 | |a online resource |b cr |2 rdacarrier | ||
| 520 | |a <p><strong>Marketing: Real People, Real Choices</strong> introduces marketing from the perspective of real people, who make real marketing decisions, at leading companies every day. Described by students as a “great read,” it shows how marketing plays out in contemporary organizations. You’ll benefit from practice and guidance in making marketing decisions and even establishing a personal brand.</p> <p>The <strong>12th Edition </strong>remains a field leader in marketing analytics and metrics, with significantly expanded applications of these concepts in topical chapters. Coverage of digital and social media marketing has also been heavily revised, as more firms seek expertise in these high-demand skills. Additionally, the authors examine the role of AI and other technology disruptors in shaping the future of marketing.</p> | ||
| 700 | 1 | |a Marshall, Greg W. |e author | |
| 700 | 1 | |a Stuart, Elnora W. |e author | |
| 856 | 4 | 0 | |u https://resolver.vitalsource.com/9781292482521 |
| 999 | |c 249540 |d 249539 | ||